इरसालकी (Record no. 65839)

MARC details
000 -LEADER
fixed length control field 00558nam a2200181Ia 4500
008 - FIXED-LENGTH DATA ELEMENTS--GENERAL INFORMATION
fixed length control field 090123s9999 xx 000 0 und d
082 ## - DEWEY DECIMAL CLASSIFICATION NUMBER
Item number 27493
100 ## - MAIN ENTRY--PERSONAL NAME
Personal name कणेकर शिरिष मधुकर
245 ## - TITLE STATEMENT
Title इरसालकी
250 ## - EDITION STATEMENT
Edition statement 1
260 ## - PUBLICATION, DISTRIBUTION, ETC. (IMPRINT)
Name of publisher, distributor, etc श्रीकल्प प्रकाशन
300 ## - PHYSICAL DESCRIPTION
Extent 200
600 ## - SUBJECT ADDED ENTRY--PERSONAL NAME
Personal name कणेकर शिरिष मधुकर
630 ## - SUBJECT ADDED ENTRY--UNIFORM TITLE
Uniform title इरसालकी
700 ## - ADDED ENTRY--PERSONAL NAME
Personal name कणेकर शिरिष मधुकर
730 ## - ADDED ENTRY--UNIFORM TITLE
Uniform title इरसालकी
942 ## - ADDED ENTRY ELEMENTS (KOHA)
Koha item type Book
Holdings
Withdrawn status Lost status Damaged status Not for loan Home library Current library Date acquired Cost, normal purchase price Total Checkouts Full call number Barcode Date last seen Cost, replacement price Price effective from Koha item type
  Missing from bundle     Jawahar Wachalanalaya, Kalwa Jawahar Wachalanalaya, Kalwa 03/31/2002 135.00   27493 KLW-27493 01/23/2009 135.00 01/23/2009 Book